L'oeuvre de Flaubert

Guardado en:
Bibliografiske detaljer
Hovedforfatter: Cuenot, Claude
Format: Bog
Sprog:Undetermined
Udgivet: París, Francia Hachette 1979
Fag:
Tags: Tilføj Tag
Ingen Tags, Vær først til at tagge denne postø!

MARC

LEADER 00000nam a2200000Ia 4500
008 170316s9999 xx 000 0 und d
040 |a cru BVZT 
090 |a 840 C-16o 
100 |a Cuenot, Claude 
245 |a L'oeuvre de Flaubert 
260 |a París, Francia 
260 |b Hachette 
260 |c 1979 
300 |a 123 páginas 
650 |a LITERATURA FRANCESA 
999 |c 7580  |d 7580 
942 |c 15 D  |h 840 C-16o  |2 z